[Event "WYCC-U14"]
[Site "Antalya TUR"]
[Date "2009.11.22"]
[Round "11.3"]
[White "Sai Krishna, GV."]
[Black "Borisenko, Vyacheslav"]
[Result "1-0"]
[WhiteElo "2225"]
[BlackElo "2032"]
[PlyCount "81"]
[EventDate "2009.11.12"]
[EventType "swiss"]
[EventRounds "11"]
[EventCountry "TUR"]

1. e4 c5 2. Nf3 e6 3. d4 cxd4 4. Nxd4 Nf6 5. Nc3 Nc6 6. Ndb5 d6 7. Bf4 e5 8.
Bg5 a6 9. Na3 b5 10. Nd5 Be7 11. Bxf6 Bxf6 12. c3 Bg5 13. Nc2 O-O 14. a4 bxa4
15. Rxa4 a5 16. Bc4 Rb8 17. b3 Bd7 18. Nce3 Kh8 19. h4 Bh6 20. Nf5 Bxf5 21.
exf5 Qd7 22. g4 Bf4 23. f6 g6 24. Qf3 Nd8 25. Rxa5 Ne6 26. O-O Rfe8 27. Rfa1 e4
28. Qxe4 Be5 29. Ra7 Rb7 30. Rxb7 Qxb7 31. Qe3 Nc5 32. Qh6 Rg8 33. Qe3 Qc8 34.
Qf3 Qb7 35. Qg2 Ra8 36. Rxa8+ Qxa8 37. f4 Qa1+ 38. Bf1 Bxf6 39. Nxf6 Qxc3 40.
Qa8+ Kg7 41. Qg8+ 1-0

[Event "IND-ch U15"]
[Site "Mumbai IND"]
[Date "2009.11.01"]
[Round "1"]
[White "Sai Krishna, GV."]
[Black "Shah, Jay"]
[Result "1-0"]
[WhiteElo "2225"]
[BlackElo "1673"]
[PlyCount "139"]
[EventDate "2009.11.01"]
[EventType "swiss"]
[EventRounds "11"]
[EventCountry "IND"]
[Source "ChessBase"]
[SourceDate "2011.11.26"]

1. e4 c5 2. Nf3 d6 3. d4 cxd4 4. Nxd4 Nf6 5. Nc3 g6 6. Be3 Bg7 7. f3 O-O 8. Qd2
Nc6 9. O-O-O d5 10. exd5 Nxd5 11. Nxc6 bxc6 12. Bd4 Bxd4 13. Qxd4 Qb6 14. Na4
Qa5 15. b3 Rb8 16. Qc5 Qxc5 17. Nxc5 Ne3 18. Rd3 Nxf1 19. Rxf1 Bf5 20. Rc3 h5
21. h3 h4 22. Rc4 g5 23. Re1 Rfe8 24. Re5 e6 25. Nd7 Rb5 26. Nf6+ Kf8 27. Rxf5
Rxf5 28. Nxe8 Kxe8 29. Rxc6 Re5 30. Kd2 Rd5+ 31. Ke3 Re5+ 32. Kd2 Rd5+ 33. Ke2
Re5+ 34. Kf1 Ra5 35. a4 Kd7 36. Rc3 Kd6 37. Ke2 f5 38. Rc8 Re5+ 39. Kd2 Rd5+
40. Kc3 Ke5 41. b4 Kf4 42. Rc7 Kg3 43. Rxa7 Kxg2 44. Rg7 f4 45. a5 Kxf3 46. a6
Ke3 47. a7 Rd8 48. b5 f3 49. b6 Rf8 50. b7 f2 51. b8=Q f1=Q 52. Qe5+ Kf2 53.
Qh2+ Qg2 54. a8=Q Qxh2 55. Qxf8+ Qf4 56. Qxf4+ gxf4 57. Kd4 f3 58. c4 Kf1 59.
c5 f2 60. c6 Ke1 61. Rf7 f1=Q 62. Rxf1+ Kxf1 63. c7 Kg2 64. c8=Q Kxh3 65. Qxe6+
Kg3 66. Ke3 h3 67. Qg6+ Kh2 68. Kf2 Kh1 69. Qg3 h2 70. Qg2# 1-0

[Event "IND-ch U15"]
[Site "Mumbai IND"]
[Date "2009.11.02"]
[Round "2"]
[White "Hariharan, R."]
[Black "Sai Krishna, GV."]
[Result "0-1"]
[WhiteElo "1862"]
[BlackElo "2225"]
[PlyCount "42"]
[EventDate "2009.11.01"]
[EventType "swiss"]
[EventRounds "11"]
[EventCountry "IND"]
[Source "ChessBase"]
[SourceDate "2011.11.26"]

1. e4 e5 2. Nc3 Nf6 3. d3 d5 4. Bg5 d4 5. Nd5 c6 6. Nxf6+ gxf6 7. Bh4 Bb4+ 8.
Ke2 Nd7 9. f4 exf4 10. Nf3 Qb6 11. Bf2 c5 12. Qc1 Qd6 13. c3 dxc3 14. bxc3 Ba5
15. Qa3 b6 16. Rd1 Bb7 17. Nd2 Ne5 18. d4 O-O-O 19. g3 Qd7 20. Bg2 Qg4+ 21. Ke1
Nd3+ 0-1

[Event "IND-ch U15"]
[Site "Mumbai IND"]
[Date "2009.11.02"]
[Round "3"]
[White "Sai Krishna, GV."]
[Black "Roshan, Rangarajan"]
[Result "1/2-1/2"]
[WhiteElo "2225"]
[BlackElo "1940"]
[PlyCount "66"]
[EventDate "2009.11.01"]
[EventType "swiss"]
[EventRounds "11"]
[EventCountry "IND"]
[Source "ChessBase"]
[SourceDate "2011.11.26"]

1. e4 c5 2. Nf3 Nc6 3. d4 cxd4 4. Nxd4 g6 5. c4 Nf6 6. Nc3 d6 7. Be2 Nxd4 8.
Qxd4 Bg7 9. b3 O-O 10. Bb2 Qa5 11. O-O Nxe4 12. Qxe4 Bxc3 13. Bxc3 Qxc3 14.
Qxe7 Qe5 15. Qxe5 dxe5 16. Bf3 Rb8 17. c5 Bd7 18. Rfe1 Rfe8 19. Rad1 Re7 20.
Rd6 Rc8 21. b4 Bc6 22. Be2 a6 23. Red1 Rcc7 24. Kf1 Red7 25. Rxd7 Rxd7 26. Rxd7
Bxd7 27. Bf3 Bc6 28. Bxc6 bxc6 29. Ke2 Kf8 30. Kd3 Ke7 31. g4 f5 32. g5 Ke6 33.
Kc4 e4 1/2-1/2

[Event "IND-ch U15"]
[Site "Mumbai IND"]
[Date "2009.11.02"]
[Round "4"]
[White "Anand, Raj"]
[Black "Sai Krishna, GV."]
[Result "0-1"]
[WhiteElo "2048"]
[BlackElo "2225"]
[PlyCount "64"]
[EventDate "2009.11.01"]
[EventType "swiss"]
[EventRounds "11"]
[EventCountry "IND"]
[Source "ChessBase"]
[SourceDate "2011.11.26"]

1. e4 e5 2. Nf3 Nc6 3. Bc4 Nf6 4. d4 exd4 5. O-O Nxe4 6. Re1 d5 7. Bxd5 Qxd5 8.
Nc3 Qa5 9. Nxe4 Be6 10. Neg5 O-O-O 11. Nxe6 fxe6 12. Rxe6 Bd6 13. Bg5 Rde8 14.
Qe2 Kd7 15. Re1 Qxe1+ 16. Nxe1 Rxe6 17. Qg4 Rhe8 18. Nd3 Kc8 19. g3 Kb8 20. Bf4
Bxf4 21. Nxf4 R6e7 22. Nd5 Re5 23. Qd7 Rd8 24. Qxc7+ Ka8 25. c4 d3 26. Nc3 d2
27. Qxg7 Re1+ 28. Kg2 Rc1 29. Qxh7 Rxc3 30. bxc3 d1=Q 31. h4 Qe2 32. h5 Rf8 0-1

[Event "IND-ch U15"]
[Site "Mumbai IND"]
[Date "2009.11.04"]
[Round "5"]
[White "Sai Krishna, GV."]
[Black "Gagare, Shardul"]
[Result "0-1"]
[WhiteElo "2225"]
[BlackElo "2138"]
[PlyCount "76"]
[EventDate "2009.11.01"]
[EventType "swiss"]
[EventRounds "11"]
[EventCountry "IND"]
[Source "ChessBase"]
[SourceDate "2011.11.26"]

1. e4 c5 2. Nf3 g6 3. d4 cxd4 4. Nxd4 Nf6 5. Nc3 Nc6 6. Be3 Bg7 7. Nxc6 bxc6 8.
e5 Ng8 9. f4 Nh6 10. Qd2 O-O 11. O-O-O d6 12. h3 Nf5 13. Bf2 c5 14. Nb5 Ba6 15.
g4 Bxb5 16. Bxb5 Nd4 17. Bc4 dxe5 18. c3 Nc6 19. Qc2 Qb6 20. b4 exf4 21. Bxc5
Qc7 22. h4 Qe5 23. Bd5 Rac8 24. b5 Na5 25. Bd4 Qxd5 26. Bxg7 Qf3 27. Bd4 e5 28.
Rhf1 Qd5 29. Bxa7 Qxb5 30. h5 Qa6 31. hxg6 Qxa7 32. g7 Kxg7 33. Rh1 Rh8 34. Qf5
Rxc3+ 35. Kb2 Rb8+ 36. Kxc3 Qc5+ 37. Kd2 Rb2+ 38. Kd3 Qc2# 0-1

[Event "IND-ch U15"]
[Site "Mumbai IND"]
[Date "2009.11.05"]
[Round "6"]
[White "Varun, V."]
[Black "Sai Krishna, GV."]
[Result "1/2-1/2"]
[WhiteElo "1889"]
[BlackElo "2225"]
[PlyCount "93"]
[EventDate "2009.11.01"]
[EventType "swiss"]
[EventRounds "11"]
[EventCountry "IND"]
[Source "ChessBase"]
[SourceDate "2011.11.26"]

1. e4 e5 2. Nf3 Nc6 3. Bb5 a6 4. Ba4 Nf6 5. O-O Be7 6. Re1 b5 7. Bb3 d6 8. c3
O-O 9. h3 Nd7 10. d4 Bf6 11. Be3 Na5 12. Nbd2 Nxb3 13. axb3 c5 14. dxe5 dxe5
15. Nf1 Qc7 16. Qc2 Bb7 17. N3h2 h5 18. Rad1 Rfd8 19. g4 hxg4 20. hxg4 Nf8 21.
Ng3 Ne6 22. Ne2 g6 23. f3 Kg7 24. Rxd8 Rxd8 25. Rd1 Rh8 26. Qd2 Be7 27. Kg2 Bc6
28. Nf1 Nf8 29. Nfg3 Nd7 30. Qc1 Nf6 31. Rh1 Bd7 32. Rxh8 Kxh8 33. Bg5 Be6 34.
Qh1+ Kg8 35. Nc1 Qd8 36. Qe1 Qd7 37. Qd2 Qxd2+ 38. Bxd2 Nd7 39. Nf1 Nb6 40. Be3
a5 41. Nd2 a4 42. Nd3 axb3 43. Bxc5 Bxc5 44. Nxc5 Nc4 45. Nxc4 bxc4 46. Nxe6
fxe6 47. g5 1/2-1/2

[Event "IND-ch U15"]
[Site "Mumbai IND"]
[Date "2009.11.07"]
[Round "8"]
[White "Kaushik, Shubham"]
[Black "Sai Krishna, GV."]
[Result "0-1"]
[WhiteElo "2118"]
[BlackElo "2225"]
[PlyCount "114"]
[EventDate "2009.11.01"]
[EventType "swiss"]
[EventRounds "11"]
[EventCountry "IND"]
[Source "ChessBase"]
[SourceDate "2011.11.26"]

1. e4 e5 2. Nf3 Nc6 3. Bb5 a6 4. Ba4 Nf6 5. O-O Be7 6. Re1 b5 7. Bb3 d6 8. c3
O-O 9. h3 Nd7 10. d4 Bf6 11. a4 Bb7 12. d5 Ne7 13. axb5 axb5 14. Rxa8 Qxa8 15.
Na3 Ba6 16. Bc2 c6 17. dxc6 Qxc6 18. Be3 Nc5 19. Nd2 Rb8 20. b4 Ne6 21. c4 bxc4
22. Ba4 Qa8 23. b5 Bb7 24. Naxc4 Rd8 25. Bb6 Rd7 26. Be3 Nc8 27. Bc2 Nd4 28.
Bxd4 exd4 29. Nf3 Rc7 30. Qd3 g6 31. Nxd4 Rc5 32. Nb3 Rxb5 33. Nxd6 Nxd6 34.
Qxd6 Be5 35. Qd3 Rb4 36. Nd2 Qa5 37. Nf3 Bc7 38. Qc3 Qb6 39. Qd3 Ba6 40. Qd2
Rb2 41. e5 Qc5 42. Rc1 Bb6 43. e6 fxe6 44. Qd7 Bc8 45. Qe8+ Kg7 46. Nd4 Qxd4
47. Qxc8 Qxf2+ 48. Kh1 Be3 49. Qc3+ Bd4 50. Qc7+ Kh6 51. Be4 Qe3 52. Bf3 Be5
53. Qc4 Rb4 54. Qc8 Qf4 55. Kg1 Rb2 56. Rc2 Rb1+ 57. Kf2 Bd4+ 0-1

[Event "IND-ch U15"]
[Site "Mumbai IND"]
[Date "2009.11.07"]
[Round "9"]
[White "Sai Krishna, GV."]
[Black "Bhambure, Shantanu"]
[Result "1/2-1/2"]
[WhiteElo "2225"]
[BlackElo "1995"]
[PlyCount "150"]
[EventDate "2009.11.01"]
[EventType "swiss"]
[EventRounds "11"]
[EventCountry "IND"]
[Source "ChessBase"]
[SourceDate "2011.11.26"]

1. e4 c5 2. Nf3 d6 3. d4 cxd4 4. Nxd4 Nf6 5. Nc3 a6 6. Bg5 e6 7. f4 Qc7 8. Bxf6
gxf6 9. Be2 Nc6 10. Nb3 b5 11. Bh5 b4 12. Ne2 Rg8 13. Ng3 Bb7 14. O-O a5 15.
Kh1 Be7 16. c3 bxc3 17. bxc3 Kf8 18. Nd4 Nxd4 19. cxd4 d5 20. e5 f5 21. Rc1 Qd7
22. Rf2 Kg7 23. Nf1 Rgc8 24. Rb1 Ba6 25. Rb3 Bh4 26. g3 Be7 27. g4 fxg4 28. f5
exf5 29. Ne3 Rf8 30. Nxf5+ Kh8 31. Nh6 f5 32. Rb6 Bh4 33. Rc2 Bc4 34. Rd6 Qg7
35. Rb2 Ra6 36. Rxa6 Bxa6 37. Rb6 Bc4 38. Qb1 g3 39. Nf7+ Rxf7 40. Bxf7 g2+ 41.
Kg1 Qxf7 42. Rb8+ Kg7 43. Rb7 Be7 44. Kxg2 f4 45. Kf3 Qh5+ 46. Kxf4 Qxh2+ 47.
Kf3 Qh3+ 48. Kf4 Qh4+ 49. Kf3 Qh3+ 50. Kf4 Qh2+ 51. Kf3 Qe2+ 52. Kg3 Qe3+ 53.
Kg2 Qg5+ 54. Kf3 h5 55. Kf2 Qf4+ 56. Kg2 Qg4+ 57. Kh2 Qe2+ 58. Kg1 Qe3+ 59. Kg2
Qg5+ 60. Kf2 h4 61. Qg1 Qxg1+ 62. Kxg1 Kf8 63. Ra7 Bb4 64. Kg2 Bxa2 65. Kh3 Bb3
66. Kxh4 a4 67. Kg5 Be7+ 68. Kf5 Kf7 69. e6+ Kf8 70. Ra8+ Kg7 71. Ra7 Kf8 72.
Ke5 a3 73. Ra8+ Kg7 74. Ra7 Kf8 75. Ra8+ Kg7 1/2-1/2

[Event "IND-ch U15"]
[Site "Mumbai IND"]
[Date "2009.11.08"]
[Round "10"]
[White "Deepthamsh, Reddy M"]
[Black "Sai Krishna, GV."]
[Result "0-1"]
[WhiteElo "2192"]
[BlackElo "2225"]
[PlyCount "102"]
[EventDate "2009.11.01"]
[EventType "swiss"]
[EventRounds "11"]
[EventCountry "IND"]
[Source "ChessBase"]
[SourceDate "2011.11.26"]

1. d4 Nf6 2. g3 g6 3. Bg2 Bg7 4. e4 d6 5. Ne2 O-O 6. b3 e5 7. O-O exd4 8. Nxd4
Na6 9. Bb2 Nc5 10. Re1 a5 11. c4 Re8 12. Nc3 Ng4 13. f4 a4 14. h3 a3 15. Bc1
Nh6 16. b4 Nd7 17. Be3 Nb6 18. Qb3 Bd7 19. Ndb5 Ra6 20. Rad1 Be6 21. Bxb6 Rxb6
22. Nxa3 Qc8 23. Nab5 Bxh3 24. Nd5 Rc6 25. Ndxc7 Bxg2 26. Kxg2 Rxc7 27. Nxd6
Qa8 28. Nxe8 Qxe8 29. c5 Re7 30. Qc4 Ng4 31. e5 g5 32. Rd3 gxf4 33. gxf4 Qc6+
34. Kg3 h5 35. Rd6 Qc8 36. Red1 Bf8 37. Rg6+ Kh8 38. Rg5 Bh6 39. Rxh5 Qg8 40.
Kf3 Qg6 41. Rdh1 f5 42. Qd4 Qc6+ 43. Kg3 Rg7 44. Rg5 Qxh1 45. Qd8+ Kh7 46.
Rxg7+ Bxg7 47. Qd2 Qg1+ 48. Kf3 Qf1+ 49. Kg3 Nxe5 50. fxe5 Bxe5+ 51. Kh4 Qh1+
0-1

[Event "IND-ch U15"]
[Site "Mumbai IND"]
[Date "2009.11.09"]
[Round "11"]
[White "Sai Krishna, GV."]
[Black "Antonio, Viani D'Cunha"]
[Result "0-1"]
[WhiteElo "2225"]
[BlackElo "2213"]
[PlyCount "82"]
[EventDate "2009.11.01"]
[EventType "swiss"]
[EventRounds "11"]
[EventCountry "IND"]
[Source "ChessBase"]
[SourceDate "2011.11.26"]

1. e4 c5 2. Nf3 d6 3. d4 cxd4 4. Nxd4 Nf6 5. Nc3 g6 6. Be3 Bg7 7. f3 O-O 8. Qd2
Nc6 9. O-O-O d5 10. exd5 Nxd5 11. Nxc6 bxc6 12. Bd4 e5 13. Bc5 Be6 14. Ne4 Re8
15. h4 Nf4 16. Qe1 Qc7 17. g3 Nh5 18. g4 Nf4 19. h5 h6 20. g5 Nxh5 21. Bd3 hxg5
22. Rxh5 gxh5 23. Nf6+ Bxf6 24. Qe4 Re7 25. Rg1 Kf8 26. Qh7 g4 27. fxg4 hxg4
28. Rf1 Bg7 29. Qg6 Qd7 30. Be3 e4 31. Bh6 Qd4 32. Rf6 Bxh6+ 33. Qxh6+ Ke8 34.
Qh8+ Kd7 35. Qxa8 Qxf6 36. Qxa7+ Kd8 37. Qb8+ Bc8 38. Ba6 Rc7 39. a4 e3 40. a5
Qf3 41. Qb4 Qh1+ 0-1

[Event "Commonwealth-ch"]
[Site "Nagpur IND"]
[Date "2008.09.29"]
[Round "2"]
[White "Lodhi, Mahmood"]
[Black "Sai Krishna, GV."]
[Result "1-0"]
[WhiteElo "2379"]
[BlackElo "2139"]
[PlyCount "129"]
[EventDate "2008.09.28"]
[EventType "swiss"]
[EventRounds "11"]
[EventCountry "IND"]
[Source "ChessBase"]
[SourceDate "2008.11.05"]

1. d4 Nf6 2. Nf3 g6 3. g3 Bg7 4. Bg2 O-O 5. O-O d6 6. c4 Nc6 7. d5 Na5 8. Nbd2
c5 9. e4 a6 10. Rb1 b5 11. b3 Rb8 12. Qc2 bxc4 13. bxc4 Rxb1 14. Qxb1 Bg4 15.
Qc2 Qc7 16. h3 Bxf3 17. Bxf3 Rb8 18. Be2 Nd7 19. Kg2 Qb6 20. Ba3 Nb7 21. Nb3
Na5 22. Rb1 Nxb3 23. Rxb3 Qa5 24. Bc1 Rxb3 25. axb3 Qc3 26. Bd3 Qxc2 27. Bxc2
Bc3 28. Kf3 f6 29. Ke2 a5 30. f4 Kf7 31. Be3 Nf8 32. Bf2 Nd7 33. Bd1 Bb4 34.
Kd3 Nf8 35. Bg4 Kg7 36. h4 Kf7 37. Bc8 Ke8 38. g4 Nd7 39. g5 Kd8 40. Ba6 fxg5
41. hxg5 Nf8 42. e5 e6 43. Bb5 Ke7 44. Bg3 dxe5 45. fxe5 Nd7 46. Bf4 Nf8 47.
Ke4 Bc3 48. Be3 Bb4 49. Ba6 Kd7 50. Bb7 Ba3 51. Bc6+ Ke7 52. Bb5 Bb4 53. Ba4
Ba3 54. Bc6 Bb4 55. Bb7 Kd7 56. Bc1 Kc7 57. dxe6 Nxe6 58. Kd5 Nd4 59. e6 Nf5
60. Ba8 Ne7+ 61. Ke4 Nc8 62. Bf4+ Kd8 63. Bb7 Nb6 64. Bd6 Ke8 65. Bc6+ 1-0

[Event "Commonwealth-ch"]
[Site "Nagpur IND"]
[Date "2008.09.30"]
[Round "3"]
[White "Sai Krishna, GV."]
[Black "Manush, Shah"]
[Result "1-0"]
[WhiteElo "2139"]
[BlackElo "1863"]
[PlyCount "89"]
[EventDate "2008.09.28"]
[EventType "swiss"]
[EventRounds "11"]
[EventCountry "IND"]
[Source "ChessBase"]
[SourceDate "2008.11.05"]

1. e4 c5 2. Nf3 e6 3. d4 cxd4 4. Nxd4 a6 5. Bd3 Bc5 6. Nb3 Ba7 7. Qg4 Nf6 8.
Qg3 d5 9. Nc3 Nc6 10. Bd2 Ne5 11. Be2 b5 12. a3 Nc4 13. O-O-O Bb7 14. Bf4 e5
15. Bxc4 Nh5 16. Qg4 Nxf4 17. Qxg7 bxc4 18. Qxh8+ Ke7 19. Qxd8+ Rxd8 20. Na5
Ba8 21. g3 Nh3 22. Nxd5+ Kf8 23. Rhe1 Nxf2 24. Rd2 Rc8 25. Ree2 Ng4 26. h3 Nh6
27. Ne3 Bxe3 28. Rxe3 Ke7 29. Rc3 Bxe4 30. Rxc4 Rxc4 31. Nxc4 Nf5 32. g4 Nd4
33. b4 Ke6 34. Nd6 Kxd6 35. c3 Kd5 36. cxd4 exd4 37. Rf2 Ke6 38. Rf4 Kd5 39.
Rxf7 Kc4 40. Rf6 Kc3 41. Rxa6 Bd3 42. Rc6+ Bc4 43. Rxc4+ Kxc4 44. Kd2 d3 45. g5
1-0

[Event "Commonwealth-ch"]
[Site "Nagpur IND"]
[Date "2008.09.30"]
[Round "4"]
[White "Akshayraj, Kore"]
[Black "Sai Krishna, GV."]
[Result "1-0"]
[WhiteElo "2392"]
[BlackElo "2139"]
[PlyCount "113"]
[EventDate "2008.09.28"]
[EventType "swiss"]
[EventRounds "11"]
[EventCountry "IND"]
[Source "ChessBase"]
[SourceDate "2008.11.05"]

1. e4 e5 2. Nf3 Nc6 3. Bb5 a6 4. Ba4 Nf6 5. O-O Be7 6. Bxc6 dxc6 7. d3 Nd7 8.
b3 O-O 9. Bb2 f6 10. d4 exd4 11. Nxd4 Nc5 12. Nd2 Ne6 13. Nf5 Bc5 14. Nc4 Qxd1
15. Rfxd1 Ng5 16. Ng3 Be6 17. Na5 Bb6 18. Bc3 Bxa5 19. Bxa5 b6 20. Bd2 Nf7 21.
f4 Bg4 22. Re1 Rad8 23. Bc3 Bc8 24. b4 Rfe8 25. a4 Nd6 26. e5 fxe5 27. Bxe5 Kf7
28. a5 b5 29. c3 Re7 30. Ne2 Nc4 31. Nd4 Bb7 32. Re2 g6 33. Nb3 Rd5 34. Rae1
Bc8 35. h3 Nxe5 36. fxe5 Rd3 37. Re3 Rxe3 38. Rxe3 Ke6 39. Nc5+ Kd5 40. e6 Kd6
41. Rd3+ Ke5 42. Rd8 Bxe6 43. Nxa6 Bc4 44. Nb8 Kf4 45. Rd4+ Kg5 46. Nxc6 Re1+
47. Kf2 Re2+ 48. Kf3 Ra2 49. Ne7 Ra3 50. Nd5 c6 51. h4+ Kh6 52. Nf6 Rxc3+ 53.
Kf4 Kg7 54. Ne4 Ra3 55. Rd7+ Kf8 56. Nc5 Ke8 57. Rxh7 1-0

[Event "Commonwealth-ch"]
[Site "Nagpur IND"]
[Date "2008.10.01"]
[Round "5"]
[White "Sai Krishna, GV."]
[Black "Shubham, Lakudkar"]
[Result "1-0"]
[WhiteElo "2139"]
[BlackElo "1885"]
[PlyCount "55"]
[EventDate "2008.09.28"]
[EventType "swiss"]
[EventRounds "11"]
[EventCountry "IND"]
[Source "ChessBase"]
[SourceDate "2008.11.05"]

1. e4 d5 2. exd5 Qxd5 3. Nc3 Qa5 4. Bc4 Nf6 5. d4 Nc6 6. Bd2 Qf5 7. Nb5 Kd8 8.
Ne2 a6 9. Nbc3 Nb4 10. Bb3 e6 11. Ng3 Qg6 12. Nce2 Nh5 13. O-O b5 14. a4 c6 15.
axb5 cxb5 16. d5 e5 17. Be3 Nxg3 18. Nxg3 h5 19. c3 h4 20. cxb4 hxg3 21. fxg3
Bg4 22. Qd2 Bd6 23. Bc5 Kd7 24. Bc2 f5 25. h3 e4 26. hxg4 Bxg3 27. Rxf5 Qxg4
28. Qg5 1-0

[Event "Commonwealth-ch"]
[Site "Nagpur IND"]
[Date "2008.10.02"]
[Round "6"]
[White "Wohl, Aleksandar"]
[Black "Sai Krishna, GV."]
[Result "1-0"]
[WhiteElo "2384"]
[BlackElo "2139"]
[PlyCount "98"]
[EventDate "2008.09.28"]
[EventType "swiss"]
[EventRounds "11"]
[EventCountry "IND"]
[Source "ChessBase"]
[SourceDate "2008.11.05"]

1. e4 e5 2. Nf3 Nc6 3. Nc3 Nf6 4. g3 Bc5 5. Bg2 d6 6. d3 a6 7. O-O h6 8. Be3
Bxe3 9. fxe3 O-O 10. Nh4 g5 11. Nf5 Bxf5 12. Rxf5 Kg7 13. h4 Ng8 14. Qh5 f6 15.
Raf1 Nce7 16. R1f2 Qe8 17. Qe2 b5 18. Bh3 b4 19. Nd1 Qf7 20. Rh2 a5 21. Nf2 a4
22. b3 axb3 23. axb3 Ra2 24. Ng4 Qg6 25. hxg5 fxg5 26. Rxf8 Kxf8 27. Rf2+ Kg7
28. Qf3 Ra8 29. Nh2 h5 30. Bf5 Qf7 31. Qe2 Nf6 32. d4 Ra1+ 33. Kg2 Ra2 34. dxe5
dxe5 35. Qb5 Nxf5 36. Rxf5 Qd7 37. Qc4 Qd2+ 38. Rf2 Qxe3 39. Qxc7+ Kg6 40. Qd6
Qxe4+ 41. Kh3 g4+ 42. Kh4 Qf5 43. Rxf5 Kxf5 44. Nf1 Ra1 45. Qd3+ e4 46. Qe2 Kg6
47. Qb5 Rd1 48. Qg5+ Kf7 49. Qf4 Rd5 1-0

[Event "Commonwealth-ch"]
[Site "Nagpur IND"]
[Date "2008.10.03"]
[Round "7"]
[White "Sai Krishna, GV."]
[Black "Mithil, Ajgaonkar"]
[Result "1/2-1/2"]
[WhiteElo "2139"]
[BlackElo "1930"]
[PlyCount "66"]
[EventDate "2008.09.28"]
[EventType "swiss"]
[EventRounds "11"]
[EventCountry "IND"]
[Source "ChessBase"]
[SourceDate "2008.11.05"]

1. e4 c6 2. d4 d5 3. Nc3 dxe4 4. Nxe4 Bf5 5. Ng3 Bg6 6. h4 h6 7. Nf3 Nd7 8. h5
Bh7 9. Bd3 Bxd3 10. Qxd3 Qc7 11. Bd2 e6 12. Ne4 Ngf6 13. O-O-O O-O-O 14. g3
Nxe4 15. Qxe4 Nf6 16. Qe2 Bd6 17. c4 Rhe8 18. Bc3 Qe7 19. Kb1 Bb4 20. Ka1 Bxc3
21. bxc3 Qa3 22. Qc2 c5 23. Rb1 cxd4 24. Nxd4 Qc5 25. Qa4 a6 26. Rb3 Re7 27.
Rhb1 Rc7 28. Rb4 Ne4 29. Ne2 Qxf2 30. Rxb7 Rxb7 31. Qc6+ Rc7 32. Qa8+ Kd7 33.
Qxe4 Qf5 1/2-1/2

[Event "Commonwealth-ch"]
[Site "Nagpur IND"]
[Date "2008.10.03"]
[Round "8"]
[White "Cholleti, Sahajasri"]
[Black "Sai Krishna, GV."]
[Result "0-1"]
[WhiteElo "1918"]
[BlackElo "2139"]
[PlyCount "85"]
[EventDate "2008.09.28"]
[EventType "swiss"]
[EventRounds "11"]
[EventCountry "IND"]
[Source "Mark Crowther"]
[SourceDate "2008.10.06"]

1. d4 Nf6 2. c4 c5 3. d5 b5 4. cxb5 a6 5. b6 d6 6. Nc3 Nbd7 7. a4 a5 8. e4 Qxb6
9. Nf3 g6 10. Bb5 Ba6 11. Qe2 Bg7 12. O-O O-O 13. Nd2 Bc8 14. Nc4 Qb8 15. f4
Nb6 16. Bc6 Ba6 17. Bb5 Nxa4 18. Bxa6 Nxc3 19. bxc3 Rxa6 20. Rxa5 Qa7 21. Rxa6
Qxa6 22. Bb2 Rb8 23. Ra1 Rxb2 24. Qxb2 Qxc4 25. Ra8+ Bf8 26. Qb8 Nd7 27. Qc8
Qxc3 28. Kf2 Qd2+ 29. Kf3 Qd3+ 30. Kf2 Qxe4 31. Qxd7 Qxf4+ 32. Ke2 Qxh2 33. Qe8
Qxg2+ 34. Ke3 Qh3+ 35. Ke2 Qh5+ 36. Ke3 Qe5+ 37. Kf2 Qg7 38. Qxe7 Qb2+ 39. Ke3
Qa3+ 40. Rxa3 Bxe7 41. Ra6 h5 42. Kf4 f5 43. Ra2 0-1

[Event "Commonwealth-ch"]
[Site "Nagpur IND"]
[Date "2008.10.05"]
[Round "10"]
[White "Sweety, Patel"]
[Black "Sai Krishna, GV."]
[Result "0-1"]
[WhiteElo "1902"]
[BlackElo "2139"]
[PlyCount "50"]
[EventDate "2008.09.28"]
[EventType "swiss"]
[EventRounds "11"]
[EventCountry "IND"]
[Source "ChessBase"]
[SourceDate "2008.11.05"]

1. e4 e5 2. Nf3 Nc6 3. Bc4 Nf6 4. Ng5 Bc5 5. Nxf7 Bxf2+ 6. Kf1 Qe7 7. Nxh8 d5
8. exd5 Nd4 9. c3 Bg4 10. Qa4+ Nd7 11. Kxf2 Qh4+ 12. g3 Qf6+ 13. Ke1 Qf5 14.
cxd4 Qe4+ 15. Kf2 Qf3+ 16. Ke1 Qxh1+ 17. Kf2 Qxh2+ 18. Kf1 Qh1+ 19. Kf2 Qf3+
20. Ke1 Qxg3+ 21. Kf1 O-O-O 22. d6 Rf8+ 23. Nf7 Qf3+ 24. Ke1 Rxf7 25. Bxf7 Qe2#
0-1

[Event "Commonwealth-ch"]
[Site "Nagpur IND"]
[Date "2008.10.06"]
[Round "11"]
[White "Kamble, Vikramaditya"]
[Black "Sai Krishna, GV."]
[Result "1-0"]
[WhiteElo "2376"]
[BlackElo "2139"]
[PlyCount "97"]
[EventDate "2008.09.28"]
[EventType "swiss"]
[EventRounds "11"]
[EventCountry "IND"]
[Source "ChessBase"]
[SourceDate "2008.11.05"]

1. d4 Nf6 2. g3 g6 3. Bg2 Bg7 4. e4 d6 5. Nc3 O-O 6. Nge2 e5 7. O-O exd4 8.
Nxd4 Nc6 9. Nxc6 bxc6 10. e5 dxe5 11. Bxc6 Rb8 12. b3 Qd4 13. Bb2 Qc5 14. Bg2
Bf5 15. Na4 Qe7 16. Re1 e4 17. Qd4 a6 18. Qc4 Ra8 19. Nc5 Rfe8 20. Nxa6 Be6 21.
Qc6 Bd5 22. Qb5 c6 23. Qe2 Qb7 24. Nc5 Qb4 25. Na4 Reb8 26. Nc3 Nd7 27. Nxd5
cxd5 28. Bxg7 Kxg7 29. c4 dxc4 30. Qxe4 Nf6 31. Qxc4 Qxc4 32. bxc4 Ra4 33. c5
Rc8 34. c6 Ne8 35. Re7 Nd6 36. Rd7 Ne4 37. Re1 Nc5 38. Rd2 Ne6 39. Bd5 Nd4 40.
Re7 Nxc6 41. Rxf7+ Kh6 42. Bxc6 Rxc6 43. Rdd7 Rxa2 44. h4 Kh5 45. Rd5+ Kh6 46.
Rdd7 Kh5 47. Rxh7+ Kg4 48. Kg2 g5 49. Rd4+ 1-0

[Event "Balaguer op"]
[Site "Balaguer ESP"]
[Date "2008.07.16"]
[Round "3"]
[White "Sai Krishna, GV."]
[Black "Roeder, Mathias"]
[Result "0-1"]
[WhiteElo "2139"]
[BlackElo "2451"]
[PlyCount "84"]
[EventDate "2008.07.14"]
[EventType "swiss"]
[EventRounds "10"]
[EventCountry "ESP"]
[Source "Mark Crowther"]
[SourceDate "2008.08.04"]

1. e4 c5 2. Nf3 d6 3. d4 cxd4 4. Nxd4 Nf6 5. Nc3 a6 6. Bg5 e6 7. f4 Qb6 8. Nb3
Be7 9. Qf3 Nbd7 10. O-O-O Qc7 11. Be2 b5 12. Bxf6 Bxf6 13. e5 Bb7 14. Ne4 Bxe4
15. Qxe4 d5 16. Qf3 Be7 17. Bd3 Qb6 18. h4 a5 19. Qg3 g6 20. h5 O-O-O 21. Be2
Nc5 22. Nd4 Ne4 23. Qe3 Bc5 24. g4 b4 25. Bf3 Kb8 26. hxg6 fxg6 27. Rh2 a4 28.
Bxe4 dxe4 29. Rhd2 Rd5 30. Qxe4 Rhd8 31. c3 a3 32. Kc2 bxc3 33. bxc3 Qb2+ 34.
Kd3 Rxd4+ 35. cxd4 Rxd4+ 36. Qxd4 Qxd4+ 37. Kc2 Qc4+ 38. Kb1 Qb5+ 39. Kc2 Kc7
40. Rh1 Qb2+ 41. Kd3 Qd4+ 42. Kc2 Qe4+ 0-1

[Event "Balaguer op"]
[Site "Balaguer ESP"]
[Date "2008.07.17"]
[Round "4"]
[White "Djingarova, Emilia"]
[Black "Sai Krishna, GV."]
[Result "1/2-1/2"]
[WhiteElo "2305"]
[BlackElo "2139"]
[PlyCount "81"]
[EventDate "2008.07.14"]
[EventType "swiss"]
[EventRounds "10"]
[EventCountry "ESP"]
[Source "Mark Crowther"]
[SourceDate "2008.08.04"]

1. d4 Nf6 2. c4 g6 3. Nf3 Bg7 4. g3 O-O 5. Bg2 d6 6. O-O Nc6 7. Nc3 a6 8. d5
Na5 9. b3 c5 10. dxc6 Nxc6 11. Bb2 Qa5 12. Nd5 Nxd5 13. Bxg7 Nc3 14. Bxc3 Qxc3
15. Rc1 Qf6 16. Qd2 Bg4 17. Rfd1 Rfd8 18. Ng5 Bf5 19. Bd5 e6 20. Bg2 d5 21.
cxd5 exd5 22. Qf4 h6 23. Nf3 g5 24. Qc7 Rd7 25. Qb6 Qb2 26. Rxc6 bxc6 27. Qxc6
Rad8 28. Qxh6 Qg7 29. Qxg5 Qxg5 30. Nxg5 f6 31. Nh3 d4 32. Nf4 Kf7 33. Bf3 Be6
34. h4 Rc7 35. Be4 f5 36. Bd3 a5 37. Kg2 Kf6 38. Nxe6 Kxe6 39. Bc4+ Ke5 40. Kf3
Rd6 41. a4 1/2-1/2